Score 0/36 Timer 04:00
0 Plays Today
% Correct
Bonnie and
98%
Ocean's
97.6%
The Godfather
96.4%
Reservoir
95.8%
Gone In
95.4%
The Italian
95.3%
The French
94.2%
Dial M
93.8%
L.A.
93.7%
Lock, Stock and
92.1%
Road to
91.5%
The Maltese
90.5%
Training
89.8%
Point
89.6%
The Thomas
89.5%
Public
88.5%
Cape
88.3%
Dog Day
88.1%
% Correct
Carlito's
86.1%
Only God
85.2%
American
85.1%
Layer
82%
A History of
80.2%
Double
79.4%
Get
79.1%
Man
78.2%
The Asphalt
75.4%
True
74.7%
The Sugarland
74.5%
City of
74.2%
Touch of
73.7%
Mildred
72.8%
Infernal
70.3%
Bottle
69.3%
Le Cercle
66.6%
Eastern
61.6%
Remove Ads.
Support Sporcle.
Get the best of Sporcle when you Go Orange. This ad-free experience offers more features, more stats, and more fun while also helping to support Sporcle. Thank you for becoming a member.

You're not logged in!

Compare scores with friends on all Sporcle quizzes.
OR
Log In

Sporcle TV

Today on Sporcle TV


Watch our educational content, quiz creation guides, and fun videos on Sporcle TV.

Show Comments

Extras

Top Quizzes Today


Score Distribution

Paid Content

Your Account Isn't Verified!

In order to create a playlist on Sporcle, you need to verify the email address you used during registration. Go to your Sporcle Settings to finish the process.

Report this User

Report this user for behavior that violates our Community Guidelines.

Details: